| 000 | 00656nam a22002177a 4500 | ||
|---|---|---|---|
| 999 |
_c15313 _d15313 |
||
| 003 | AR-CdUCM | ||
| 008 | 190426b ||||| |||| 00| 0 spa d | ||
| 020 | _a84-386-0281-9 | ||
| 040 |
_aMUNICIPALIDAD PROVINCIAL DEL CUSCO _cBIBLIOTECA MUNICIPAL DEL CUSCO |
||
| 082 |
_aEP / 372 / _bAS83 |
||
| 110 |
_aWalt disney productions _934363 |
||
| 245 | _aEl asteroide dorado / | ||
| 260 |
_aBilbao : _bGraficas LoroƱo, _c1982. |
||
| 300 |
_bIlustraciones, graficos, dibujos _c24 cm. |
||
| 500 | _aCuentos e historias | ||
| 650 |
_aCuentos _9312 |
||
| 650 |
_aHistoria _9136 |
||
| 650 |
_aLiteratura _983 |
||
| 942 |
_2ddc _cLIBROS |
||
| 945 |
_apjha _d2019-04-26 |
||